• 首页
  • 本馆介绍
  • 公告通知
  • 最新文献
  • 馆藏检索
  • 电子资源
  • 读者导购
  • 参考咨询
  • 我的图书馆
  • 登录
  • 详细信息显示
  • 放入我的书架
  • 预约/预借图书
  • 作者相关作品
  • 分类相关作品
  • 丛书相关作品
  • 出版社相关作品

书目信息

  • 表格格式
  • 工作单格式
  • 卡片格式
题名:
半导体物理与器件
    
 
作者: 尼曼 著
分册:  
出版信息: 北京   电子工业出版社  2018.06
页数: 546页
开本: 26cm
丛书名:
单 册:
中图分类: O47 , TN303
科图分类:
主题词: 半导体物理--高等学校--教材 , 半导体器件--高等学校--教材
电子资源:
ISBN: 978-7-121-34321-6
000 01136nam0 2200289 450
001 3568
005 20181008085338.94
010    @a978-7-121-34321-6@dCNY99.00
100    @a20180819d2018 em y0chiy50 ea
101 1  @achi@ceng
102    @aCN@b110000
105    @aa z 001yy
200 1  @a半导体物理与器件@9ban dao ti wu li yu qi jian@dSemiconductor physics and devices: basic principles@f(美)Donald A. Neamen著@g赵毅强,姚素英,史再峰等译@zeng
210    @a北京@c电子工业出版社@d2018.06
215    @a546页@c图@d26cm
300    @a国外电子与通信教材系列
305    @a据原书第4版译出
305    @a翻译版由麦格劳-希尔(亚洲)教育出版公司授权出版
330    @a本书分为半导体材料属性、半导体器件基础、专用半导体器件3个部分,包括固体晶体结构、量子力学初步、固体量子理论初步、平衡半导体、载流子输运现象等内容。
510 1  @aSemiconductor physics and devices: basic principles@zeng
606 0  @a半导体物理@x高等学校@j教材
606 0  @a半导体器件@x高等学校@j教材
690    @aO47@v5
690    @aTN303@v5
701  0 @c(美)@a尼曼@9ni man@c(Neamen, Donald A.)@4著
801  0 @aCN@b91MARC@c20180819
905    @aMuseLib@dO47@e30
    
    半导体物理与器件=Semiconductor physics and devices: basic principles/(美)Donald A. Neamen著/赵毅强,姚素英,史再峰等译.-北京:电子工业出版社,2018.06
    546页:图;26cm
    国外电子与通信教材系列
    
    ISBN 978-7-121-34321-6:CNY99.00
    本书分为半导体材料属性、半导体器件基础、专用半导体器件3个部分,包括固体晶体结构、量子力学初步、固体量子理论初步、平衡半导体、载流子输运现象等内容。
●
相关链接 在E读中查询图书 在五车中查询图书 在当当中查询图书 在豆瓣中查询图书


正题名:半导体物理与器件     索取号:O47/30         预约/预借

序号 登录号 条形码 馆藏地/架位号 状态 备注
1 1119924   211199246   第二样本阅览室/ [索取号:O47/30] 在馆    
2 1119925   211199255   第三借阅区/ [索取号:O47/30] 在馆    
3 1119926   211199264   第三借阅区/ [索取号:O47/30] 在馆    
4 1119927   211199273   密集书库-物理学院/ [索取号:O47/30] 在馆    
5 1119928   211199282   第三借阅区/ [索取号:O47/30] 在馆    
唐山师范学院图书馆 欢迎您!
大连网信软件有限公司© 版权所有